00576 2200157 4500245009300000020002200093250001000115100002400125005001900149260004100168041001400209084001200223500010800235490006600343336000900409 aENSIKLOPEDI KEMUJIZATAN ILMIAH DALAM AL-QURAN DAN SUNAH VOL.8cYUSUF AL-HAJJ AHMADhText a978-6-02-841500-8 aCet.1 aYUSUF AL-HAJJ AHMAD a20240826121606 aJakartabMAKTABAH IBNU HAJAR, SURIAH aIndonesia a297.114 aDaftar isi : obesitas atau kegemukan, menjaga sistem pencernan, larangan makan dan minum sambil berdiri aENSIKLOPEDI KEMUJIZATAN ILMIAH DALAM AL-QURAN DAN SUNAH VOL.8 atext